000 01004nam a22003137a 4500
003 CHAP
005 20220329134303.0
008 971013s1980 r 00010 d
010 _a18134
011 _a19106
035 _a23191
040 _cCHAP
082 _a001.61
_bD4
100 0 0 _aDembinski, P.
_931725
245 _aMathematical foundations of computer science, 1980; prodceedings of the 9th. Symposium
260 _aBerlin :
_bSpringer-Verlag,
_c1980
300 _a723 p.
490 _aLecture notes in computer science
_v; 88
590 _aBATCH-UPD
_b10
_c20130110
_lUCH01
_h1018
590 _aBATCH-UPD
_b10
_c20130410
_lUCH01
_h0624
590 _aBATCH-UPD
_b10
_c20130914
_lUCH01
_h1022
590 _aCONVERSION
_b10
_c20130109
_lUCH01
_h1311
650 1 4 _aComputación.
_926122
650 1 4 _aMatemáticas.
_972901
830 0 _aLecture notes in computer science
_v; 88
_965526
901 _aBK
942 _cLIBRO
949 _a001.61 D4
_bBC
_cLIBRO
_d33724000285201
_eLIBRO
_h55264
_i23191
_si
999 _c18134
_d18134